| 000 | 00708nam a22002177a 4500 | ||
|---|---|---|---|
| 005 | 20220425201541.0 | ||
| 008 | 220425b ||||| |||| 00| 0 eng d | ||
| 020 | _a9789972615597 | ||
| 040 | _cCAAAP | ||
| 041 | _aspa | ||
| 050 |
_aRJ216 _bJ24 |
||
| 100 | 1 |
_95346 _aJaramillo Baanante, Miguel |
|
| 245 | 1 | 0 |
_aImpacto del programa juntos sobre nutrición temprana / _cMiguel Jaramillo Baanante, Alan Sánchez |
| 260 |
_aLima: _bGRADE, _c2011 |
||
| 300 |
_a68 p. _bil.; _c23 cm. |
||
| 490 |
_aDocumento de investigación. Salud y desarrollo humano, _v61 |
||
| 650 | 0 |
_95347 _aEvaluación de programas |
|
| 650 | 0 |
_95348 _aProgramas sociales |
|
| 650 | 0 |
_95349 _aSalud infantil |
|
| 942 |
_2lcc _bDD - MM - AA _cBK |
||
| 999 |
_c3845 _d3845 |
||